Catalog

Record Details

Catalog Search



The king's grave : the discovery of Richard III's ... Read More

Jones, Michael K.(Added Author).

Available copies

  • 1 of 1 copy available at LARL/NWRL Consortium.
  • 1 of 1 copy available at Lake Agassiz Regional Library. (Show preferred library)

Current holds

0 current holds with 1 total copy.

Show Only Available Copies
Location Call Number / Copy Notes Barcode Shelving Location Status Due Date
Ada Public Library 942.046 LAN (Text) 33500011806841 Main Available -

Record details

  • ISBN: 9781250044105 (hardcover : alk. paper)
  • ISBN: 1250044103 (hardcover : alk. paper)
  • Physical Description: xxvii, 288 pages : color illustrations, maps ; 25 ... Read More
  • Edition: First U.S. Edition.
  • Publisher: New York : St. Martin's Press, 2013.

Content descriptions

Bibliography, etc. Note:
Includes bibliographical references (pages ... Read More
Formatted Contents Note:
The road to the dig -- The great debate -- So it ... Read More
Summary, etc.:
The head of The Richard III Society recounts the ... Read More
The mystery of who Richard III really was has ... Read More
Subject: Richard III, King of England, 1452-1485 > Death and burial.
Excavations (Archaeology) > England > Leicester.
Leicester (England) > Antiquities.
LDR 02984cam a2200469 i 4500
001161100
003LARL_NWRL_CONSORTIUM
00520140123103816.0
008130725s2013 nyuab b 001 0deng
010 . ‡a2013030043
020 . ‡a9781250044105 (hardcover : alk. paper)
020 . ‡a1250044103 (hardcover : alk. paper)
020 . ‡z9781466842700 (e-book : alk. paper)
020 . ‡z1466842709 (ebk.)
035 . ‡a(OCoLC)832289633
040 . ‡aDLC ‡beng ‡erda ‡cDLC ‡dIG# ‡dBTCTA ‡dBDX ‡dGK8 ‡dOCLCO ‡dYDXCP ‡dVHP ‡dILC ‡dMLY
042 . ‡apcc
043 . ‡ae-uk-en
05000. ‡aDA260 ‡b.L34 2013
08200. ‡a942.046092 ‡223
1001 . ‡aLangley, Philippa.
24514. ‡aThe king's grave : ‡bthe discovery of Richard III's lost burial place and the clues it holds / ‡cPhilippa Langley and Michael Jones.
250 . ‡aFirst U.S. Edition.
260 . ‡aNew York : ‡bSt. Martin's Press, ‡c2013.
300 . ‡axxvii, 288 pages : ‡bcolor illustrations, maps ; ‡c25 cm
336 . ‡atext ‡2rdacontent
337 . ‡aunmediated ‡2rdamedia
338 . ‡avolume ‡2rdacarrier
504 . ‡aIncludes bibliographical references (pages 275-276) and index.
5050 . ‡aThe road to the dig -- The great debate -- So it begins -- Yearning for a noble cause: Richard's early career -- The discovery of the church and the location of the nave -- Seizing the throne -- The discovery of the skeletal remains -- Richard as king -- The identification of the remains -- Bosworth -- The man behind the myth -- The man and his times.
520 . ‡aThe head of The Richard III Society recounts the search that led to the unearthing of the last Plantagenet monarch's remains--a discovery that sheds light on what happened to the king following the Battle of Bosworth Field.
520 . ‡aThe mystery of who Richard III really was has fascinated historians for centuries. In 2013, the remains of a man with a curving spine, who possible was killed in battle, were discovered underneath the paving of a parking lot in Leicester, England. Langley led the team of who uncovered the remains, certain that she had found the bones of the monarch. DNA verification later confirmed that the skeleton was, indeed, that of King Richard III. Langley and Jones provides a portrait of the last Plantagenet monarch-- and the story of the archaeological dig that finally brought him into the light of day.
60000. ‡aRichard ‡bIII, ‡cKing of England, ‡d1452-1485 ‡xDeath and burial.
650 0. ‡aExcavations (Archaeology) ‡zEngland ‡zLeicester.
651 0. ‡aLeicester (England) ‡xAntiquities.
7001 . ‡aJones, Michael K.
948 . ‡hNO HOLDINGS IN LAL - 363 OTHER HOLDINGS
994 . ‡aZ0 ‡bLAL
901 . ‡a161100 ‡bOCLC ‡c161100 ‡tbiblio

Additional Resources